| 000 | 00565nam a2200241 a 4500 | ||
|---|---|---|---|
| 001 | nice12345678 | ||
| 003 | IN_TiNIC | ||
| 005 | 20260116011503.0 | ||
| 008 | 050524s1951 laha grp 000 0 urd | ||
| 020 |
_a _c100 |
||
| 082 | 0 | 0 |
_a297.09 _bJAI |
| 100 | _aJairajpuri, Aslam | ||
| 245 | _aNawadirat | ||
| 260 |
_aLahore _bIdara Tulu-E-Islam _c1951 |
||
| 300 | _a399p | ||
| 500 | _aincludes index and biblioraphy | ||
| 505 | 2 | _abibliography | |
| 650 | _aIslam-History | ||
| 700 | 1 | _aJairajpuri, Aslam | |
| 902 | _bSRS | ||
| 942 | _cBK | ||
| 999 |
_c1968 _d1968 |
||